000 00298nam a22001337a 4500
008 170302b xxu||||| |||| 00| 0 eng d
020 _a9781416057635
041 _aeng
080 _23 ED
_a516.073
100 _a6
101 _aSHM
245 _aRADIOGRAPHY ESSENTIALS
_cLONG.B.W
942 _2udc
_cBK
999 _c6640
_d6640